000 00254nam a2200097Ia 4500
001 1214415
005 20250827024532.0
008 250824s9999 xx 000 0 und d
245 0 _aPUSLU KİTAPLAR ATLASI
_cİHSAN OKTAY ANAR
260 _bİLETİŞİM ROMAN
999 _c1214415
_d1214415